<?xml version="1.0" encoding="UTF-8"?>
<record
    xmlns:xsi="http://www.w3.org/2001/XMLSchema-instance"
    xsi:schemaLocation="http://www.loc.gov/MARC21/slim http://www.loc.gov/standards/marcxml/schema/MARC21slim.xsd"
    xmlns="http://www.loc.gov/MARC21/slim">

  <leader>00975cam a2200265u  4500</leader>
  <controlfield tag="001">36445</controlfield>
  <controlfield tag="003">BD-RjUL</controlfield>
  <controlfield tag="005">20211209052504.0</controlfield>
  <controlfield tag="008">860205s1866    pau           000 0aeng  </controlfield>
  <datafield tag="035" ind1=" " ind2=" ">
    <subfield code="a">(BD-RjUL)36545</subfield>
  </datafield>
  <datafield tag="040" ind1=" " ind2=" ">
    <subfield code="a">DLC</subfield>
    <subfield code="c">CarP</subfield>
    <subfield code="d">DLC</subfield>
    <subfield code="d">BD-RjUL</subfield>
    <subfield code="b">eng</subfield>
  </datafield>
  <datafield tag="041" ind1=" " ind2=" ">
    <subfield code="a">eng</subfield>
  </datafield>
  <datafield tag="082" ind1=" " ind2=" ">
    <subfield code="a">321</subfield>
    <subfield code="b">DAR 1950</subfield>
  </datafield>
  <datafield tag="100" ind1="1" ind2="4">
    <subfield code="a">Davies, John Llewelyn</subfield>
    <subfield code="9">110952</subfield>
  </datafield>
  <datafield tag="245" ind1="1" ind2="4">
    <subfield code="a">The Republic of Plato :</subfield>
    <subfield code="b">translated into English, with an analysis and notes /</subfield>
    <subfield code="c">by John Llewlyn Davies, David James Vaughan </subfield>
  </datafield>
  <datafield tag="250" ind1=" " ind2=" ">
    <subfield code="a">3d ed.</subfield>
  </datafield>
  <datafield tag="260" ind1=" " ind2=" ">
    <subfield code="a">Philadelphia,</subfield>
    <subfield code="b">J. B. Lippincott and co.;</subfield>
    <subfield code="a">London,</subfield>
    <subfield code="b">Macmillan and co.,</subfield>
    <subfield code="c">1852 [Reprinted 1950]</subfield>
  </datafield>
  <datafield tag="300" ind1=" " ind2=" ">
    <subfield code="a">xxxii, 370 p. :</subfield>
    <subfield code="c">16 cm.</subfield>
  </datafield>
  <datafield tag="650" ind1=" " ind2="0">
    <subfield code="a">Political science</subfield>
    <subfield code="v">Early works to 1800.</subfield>
    <subfield code="9">62154</subfield>
  </datafield>
  <datafield tag="650" ind1=" " ind2="0">
    <subfield code="a">Utopias</subfield>
    <subfield code="v">Early works to 1800.</subfield>
    <subfield code="9">62155</subfield>
  </datafield>
  <datafield tag="700" ind1="1" ind2=" ">
    <subfield code="a">Vaughan, David James,</subfield>
    <subfield code="d">1825-1905,</subfield>
    <subfield code="e">tr.</subfield>
    <subfield code="9">110953</subfield>
  </datafield>
  <datafield tag="700" ind1="1" ind2=" ">
    <subfield code="a">David, John Llewelyn 1826-1916, [from old catalog]</subfield>
    <subfield code="e">tr.</subfield>
    <subfield code="9">110954</subfield>
  </datafield>
  <datafield tag="942" ind1=" " ind2=" ">
    <subfield code="2">ddc</subfield>
    <subfield code="c">BK</subfield>
  </datafield>
  <datafield tag="999" ind1=" " ind2=" ">
    <subfield code="c">36445</subfield>
    <subfield code="d">36445</subfield>
  </datafield>
  <datafield tag="952" ind1=" " ind2=" ">
    <subfield code="0">0</subfield>
    <subfield code="1">0</subfield>
    <subfield code="2">ddc</subfield>
    <subfield code="4">0</subfield>
    <subfield code="7">0</subfield>
    <subfield code="8">NFIC</subfield>
    <subfield code="a">RUCL</subfield>
    <subfield code="b">RUCL</subfield>
    <subfield code="c">Stack</subfield>
    <subfield code="d">1964-03-10</subfield>
    <subfield code="e">Zeitlinger</subfield>
    <subfield code="g">6.00</subfield>
    <subfield code="l">0</subfield>
    <subfield code="o">321 DAR 1950</subfield>
    <subfield code="r">2016-05-30 00:00:00</subfield>
    <subfield code="t">C-2</subfield>
    <subfield code="w">2016-05-30</subfield>
    <subfield code="y">BK</subfield>
  </datafield>
</record>
